1844 1921 1231 1846 1223 1209 1592 1495 1800 1016 1962 1349 1417 1939 1119 1408 1663 1904 1384 1990 1953 1452 1500 1836 1999 1492 1087 1383 1613 1896 1734 1696 1632 1291 1349 1624 1479 1848 1022 1278 1535 1981 1610 1127 1685 1957 1326 1816 1252 1975 1388 1905 1674 1847 1435 1718 1895 1594 1061 1729 1744 1165 1337 1029 1088 1192 1602 1345 1850 1973 1317 1255 1388 1717 1570 1196 1130 1384 1343 1058 1417 1910 1348 1295 1446 1482 1957 1976 1586 1794 1137 1470 1352 1736 1267 1127 1044 1704 1290 BCNSPRNW ULIB Ver.6.0+V

เปลี่ยนเป็นภาษาไทย

Change to English
 แสดงรายละเอียดบรรณานุกรม
  กลับหน้าหลัก

Brief Record : Get Marc (ISO 2709) : E-mail record : QR code < ปิดหน้าต่าง
LEADER : 00000nam 2200000uu 4500
001    13399108292
003     ULIB
008    110227s2549||||th 000 0 tha d
020    9745732923
060 04 WY20.5^bร759ก 2549
100 0  เรณา พงษ์เรืองพันธุ์
245 10 การวิจัยทางการพยาบาล /^cเรณา พงษ์เรืองพันธุ์, ประสิทธิ์พงษ์เรืองพันธุ์
260    ชลบุรี :^bคณะพยาบาลศาสตร์ มหาวิทยาลัยบูรพา,^c2549
300    ญ, 286 หน้า ;^c29 ซม.
650  7 การพยาบาล^xวิจัย
650  7 พยาบาล^xวิจัย
700 0  ประสิทธิ์ พงษ์เรืองพันธุ์
710 2  มหาวิทยาลัยบูรพา. ^bคณะพยาบาลศาสตร์
945    ^p240^l0^i17967
945    ^p240^l0^i17965
945    ^p240^l0^i17964
945    ^p240^l0^i17963
945    ^p240^l0^i15286
945    ^p240^l0^i17966
945    ^p240^l0^i14120
995    เกษร
999    ^aใช้งานได้ทุกระบบ
รายการนี้ยังไม่มีแท็ก
คุณยังไม่ได้ล็อกอิน คุณสามารถมีกิจกรรมร่วมกับเว็บไซต์ได้ แต่ต้องล็อกอินก่อน ::
  ล็อกอิน

รายการสื่อสารสนเทศ

ลำดับที่ ประเภท เลขเรียก/บาร์โค้ด สถานที่ สถานะ
1. Book การพยาบาล
Book การพยาบาล
WY20.5 ร759ก 2549 ฉ.1 
  Barcode: 14120
ห้องสมุดวิทยาเขตนครสวรรค์
►ส่วนจัดเก็บหนังสือเก่า นว.
บนชั้น
  ขอยืม
2. Book การพยาบาล
Book การพยาบาล
สถานะ=หนังสือเก่า
WY20.5 ร759ก 2549 ฉ.2 
  Barcode: 15286
ห้องสมุดวิทยาเขตนครสวรรค์
►หนังสือทั่วไป:l:General Books
บนชั้น
3. Book การพยาบาล
Book การพยาบาล
สถานะ=หนังสือเก่า
WY20.5 ร759ก 2549 ฉ.3 
  Barcode: 17963
ห้องสมุดวิทยาเขตนครสวรรค์
►หนังสือทั่วไป:l:General Books
บนชั้น
4. Book การพยาบาล
Book การพยาบาล
สถานะ=หนังสือเก่า
WY20.5 ร759ก 2549 ฉ.4 
  Barcode: 17964
ห้องสมุดวิทยาเขตนครสวรรค์
►หนังสือทั่วไป:l:General Books
บนชั้น
5. Book การพยาบาล
Book การพยาบาล
สถานะ=หนังสือเก่า
WY20.5 ร759ก 2549 ฉ.5 
  Barcode: 17965
ห้องสมุดวิทยาเขตนครสวรรค์
►หนังสือทั่วไป:l:General Books
บนชั้น
6. Book การพยาบาล
Book การพยาบาล
สถานะ=หนังสือเก่า
WY20.5 ร759ก 2549 ฉ.6 
  Barcode: 17966
ห้องสมุดวิทยาเขตนครสวรรค์
►หนังสือทั่วไป:l:General Books
บนชั้น
7. Book การพยาบาล
Book การพยาบาล
WY20.5 ร759ก 2549 ฉ.7 
  Barcode: 17967
ห้องสมุดวิทยาเขตนครสวรรค์
►หนังสือทั่วไป:l:General Books
บนชั้น

BibComment


ยังไม่เคยถูกคอมเมนท์

คอมเมนท์ทรัพยากรรายการนี้
  คอมเมนท์: การวิจัยทางการพยา..


 Copyright 2026. Bcnsprnw @Library